000
00304nam a2200157Ia 4500
100
_a
Puckmnell/
250
_a
3
942
_c
BK
654
_a
VLSI
245
_a
Basic VLSI Design
260
_b
Prentice Hall
_c
2003
082
_a
621.395
_b
PUC
300
_a
495
546
_a
ENGLISH
999
_c
18546
_d
18546